| 000 | 01175nmm a2200325 a 4500 | ||
|---|---|---|---|
| 001 | ocm0001683046 | ||
| 003 | TR-IsHL | ||
| 005 | 20201028165957.0 | ||
| 008 | 171224s2013 tu tur | ||
| 007 | cr cn | ||
| 020 | _a9789944122313 | ||
| 035 |
_a1683046 _b(N$T) |
||
| 050 | 0 | 4 |
_aHB501 _b.D6919 2013 |
| 090 | 0 | 4 |
_aHB501 _b.D6919 2013 |
| 100 | 1 | _aDowd, Douglas Fitzgerald | |
| 245 | 1 | 0 |
_aKapitalizm ve kapitalizmin iktisadı: eleştirel bir tarih _h[electronic resource] / _cDouglas Fitzgerald Dowd ; İngilizce'den çeviren Cihan Gerçek |
| 250 | _aİkinci basım | ||
| 260 |
_aİstanbul : _bYordam Kitap, _c2013 |
||
| 300 | _a393 p. | ||
| 500 |
_aÖzgün yapıt adı : Capitalism and its economics : a critical history _xKaynakça ve dizin var. _x |
||
| 650 | 4 | _aEkonomi ve Finans | |
| 650 | 4 | _aEconomics and Finance | |
| 650 | 0 |
_aKapitalizm _x Tarih |
|
| 650 | 0 |
_aCapitalism _x History |
|
| 650 | 0 | _aEkonomi tarihi | |
| 650 | 0 | _aEconomic history | |
| 650 | 7 |
_aBUSINESS & ECONOMICS / Knowledge Capital _2bisacsh |
|
| 700 | 1 | _aGerçek, Cihan | |
| 856 | 4 | 0 | _uhttp://search.ebscohost.com/login.aspx?direct=true&scope=site&db=e011xww&AN=1683046 |
| 999 |
_c16036 _d16036 |
||